[Event "XXIX Miedzynarodowy Festiwal Szachowy CRACOVIA-2018 Grupa B"]
[Site "Krakow, Hotel Galaxy, ul. Gesia 22a"]
[Date "2019.??.??"]
[Round "8.50"]
[White "Kruczynski, Marek"]
[Black "Wojciechowski, Beniamin"]
[Result "0-1"]
[WhiteElo "1744"]
[BlackElo "1845"]
[PlyCount "56"]
[EventDate "2019.??.??"]

1. e4 e6 2. d4 d5 3. Bd3 dxe4 4. Bxe4 Nf6 5. Bf3 c5 6. Ne2 Qb6 7. O-O Bd7 8. c4
Nc6 9. Nbc3 cxd4 10. Nb5 e5 11. Re1 Bc5 12. b4 Bxb4 13. Rb1 O-O 14. Bg5 Qa5 15.
Bxf6 gxf6 16. Ng3 Bxe1 17. Ne4 Bxf2+ 18. Kxf2 Qxa2+ 19. Kg1 Bf5 20. Nbd6 Bg6
21. Nxf6+ Kh8 22. Be4 Bxe4 23. Ndxe4 Rg8 24. Qf1 Rxg2+ 25. Kh1 Rxh2+ 26. Kg1
Rh6 27. Ng4 Rg8 28. Nef2 f5 0-1

[Event "XXIX Miedzynarodowy Festiwal Szachowy CRACOVIA-2018 Grupa B"]
[Site "Krakow, Hotel Galaxy, ul. Gesia 22a"]
[Date "2019.??.??"]
[Round "8.51"]
[White "Borowski, Przemyslaw"]
[Black "Czyzykiewicz, Rafal"]
[Result "1-0"]
[WhiteElo "1817"]
[BlackElo "1730"]
[PlyCount "55"]
[EventDate "2019.??.??"]

1. c4 e5 2. g3 Nf6 3. Bg2 Nc6 4. Nc3 Bb4 5. Nd5 O-O 6. Nxb4 Nxb4 7. a3 Nc6 8.
b4 d6 9. Bb2 Be6 10. Rc1 a6 11. Nf3 h6 12. O-O Qd7 13. d4 e4 14. d5 exf3 15.
dxc6 fxe2 16. Qxe2 bxc6 17. b5 axb5 18. cxb5 cxb5 19. Bxa8 Rxa8 20. Bxf6 gxf6
21. Qf3 Ra4 22. Qxf6 Kh7 23. f4 Rxa3 24. f5 Bd5 25. Rfe1 Ra2 26. Re7 Rg2+ 27.
Kf1 Bc4+ 28. Rxc4 1-0

[Event "XXIX Miedzynarodowy Festiwal Szachowy CRACOVIA-2018 Grupa B"]
[Site "Krakow, Hotel Galaxy, ul. Gesia 22a"]
[Date "2019.??.??"]
[Round "8.52"]
[White "Kozlowski, Michal"]
[Black "Wasik, Mateusz"]
[Result "1-0"]
[WhiteElo "1812"]
[BlackElo "1693"]
[PlyCount "63"]
[EventDate "2019.??.??"]

1. e4 c5 2. Nf3 Nc6 3. d4 cxd4 4. Nxd4 Qb6 5. Nb3 Nf6 6. Nc3 e6 7. a3 a6 8. Bd3
Be7 9. O-O O-O 10. Be3 Qc7 11. f4 d6 12. g4 b5 13. g5 Nd7 14. Qh5 g6 15. Qh6
Re8 16. Rf3 Bf8 17. Qh4 Bg7 18. Rh3 Nf8 19. e5 dxe5 20. Ne4 Ne7 21. Nf6+ Bxf6
22. gxf6 Nd5 23. Bc5 h5 24. Bxf8 Rxf8 25. Qg5 Qb6+ 26. Kf1 Ne3+ 27. Ke2 Nf5 28.
Bxf5 exf5 29. Rxh5 exf4 30. Rh8+ Kxh8 31. Qh6+ Kg8 32. Qg7# 1-0

[Event "XXIX Miedzynarodowy Festiwal Szachowy CRACOVIA-2018 Grupa B"]
[Site "Krakow, Hotel Galaxy, ul. Gesia 22a"]
[Date "2019.??.??"]
[Round "8.53"]
[White "Saweczko, Tomasz"]
[Black "Dryja, Szymon"]
[Result "1/2-1/2"]
[WhiteElo "1724"]
[BlackElo "1795"]
[PlyCount "164"]
[EventDate "2019.??.??"]

1. d4 d5 2. Nf3 Nf6 3. Bf4 e6 4. e3 Be7 5. Nbd2 O-O 6. h3 Nbd7 7. Bd3 c5 8. c3
b6 9. O-O Bb7 10. Ne5 Nxe5 11. dxe5 Ne4 12. f3 Nxd2 13. Qxd2 Bg5 14. Rad1 h6
15. Kh2 Qe7 16. Bb1 f5 17. Rg1 Bxf4+ 18. exf4 Rad8 19. Qf2 Rd7 20. g4 d4 21.
gxf5 exf5 22. cxd4 cxd4 23. Rg3 Kh8 24. Rxd4 Rxd4 25. Qxd4 Rd8 26. Qc3 Qe6 27.
Bc2 Rd7 28. Bb3 Bd5 29. Rg2 Bxb3 30. Qc8+ Kh7 31. axb3 Qf7 32. Re2 Qd5 33. Kg3
h5 34. Qc4 Qd1 35. Qc2 Qg1+ 36. Rg2 Qe1+ 37. Kh2 g6 38. Qc6 Rg7 39. Qc3 Qf1 40.
Qe3 Qb5 41. Rd2 Kh6 42. Qd3 Qb4 43. Qe3 Rc7 44. Kg3 Qe7 45. h4 Rc5 46. Qd4 Rc8
47. Qd5 Qb4 48. e6 Re8 49. Qd7 Rxe6 50. Qxe6 Qxd2 51. Qf6 Qe1+ 52. Kg2 Qe8 53.
Kf2 Kh7 54. Qd6 Qf7 55. Qb4 Qf6 56. Kg3 Qxb2 57. Qa4 Qg7 58. Qc6 Qe7 59. Qc4
Qb7 60. b4 b5 61. Qc5 Qd7 62. Qf8 Qc7 63. Qc5 Qd7 64. Qf8 Qb7 65. Qd6 Kg7 66.
Qe6 Qc7 67. Qd5 Qb6 68. Qd2 Qg1+ 69. Kh3 Qf1+ 70. Kg3 Kh6 71. Qd4 Qe1+ 72. Kh3
Qe8 73. Qd2 Qh8 74. Kg3 Qa1 75. Qd6 Qe1+ 76. Kh3 Qe8 77. Kg3 a5 78. bxa5 Qe1+
79. Kh3 Qxa5 80. Qf8+ Kh7 81. Qf7+ Kh6 82. Qf8+ Kh7 1/2-1/2

[Event "XXIX Miedzynarodowy Festiwal Szachowy CRACOVIA-2018 Grupa B"]
[Site "Krakow, Hotel Galaxy, ul. Gesia 22a"]
[Date "2019.??.??"]
[Round "8.55"]
[White "Kaminski, Maciej"]
[Black "Zaboklicki, Zbigniew"]
[Result "1-0"]
[WhiteElo "1862"]
[BlackElo "1742"]
[PlyCount "39"]
[EventDate "2019.??.??"]

1. e4 c5 2. Nf3 e6 3. d4 cxd4 4. Nxd4 Nc6 5. Nc3 d6 6. Be3 Nf6 7. f4 Be7 8. Qf3
O-O 9. O-O-O Qa5 10. g4 Nxd4 11. Bxd4 e5 12. g5 exd4 13. gxf6 dxc3 14. fxe7
cxb2+ 15. Kb1 Re8 16. Bc4 Qc5 17. Qb3 Rxe7 18. e5 Be6 19. exd6 Bxc4 20. dxe7
1-0

[Event "XXIX Miedzynarodowy Festiwal Szachowy CRACOVIA-2018 Grupa B"]
[Site "Krakow, Hotel Galaxy, ul. Gesia 22a"]
[Date "2019.??.??"]
[Round "8.56"]
[White "Manko, Mariya"]
[Black "Pilch, Anna"]
[Result "1-0"]
[WhiteElo "1814"]
[BlackElo "1838"]
[PlyCount "93"]
[EventDate "2019.??.??"]

1. e4 c5 2. Nc3 Nc6 3. g3 g6 4. d3 Bg7 5. Bg2 d6 6. Nh3 Nf6 7. O-O Bg4 8. f3
Bd7 9. f4 Bg4 10. Qd2 Nd4 11. Nd1 Qd7 12. Ndf2 Bf3 13. c3 Ne2+ 14. Kh1 Bxg2+
15. Kxg2 Nxc1 16. Raxc1 h5 17. Qe2 Bh6 18. Rc2 h4 19. g4 Nh7 20. Kh1 O-O 21. g5
Bg7 22. Rg1 e5 23. f5 gxf5 24. Qh5 Qe6 25. Qxh4 f4 26. Ng4 Kh8 27. Rcg2 Rg8 28.
g6 Qxg6 29. Nxe5 Qxg2+ 30. Rxg2 Bxe5 31. Ng5 Rxg5 32. Rxg5 Bf6 33. Qxf4 Bxg5
34. Qxd6 Be3 35. Qe5+ f6 36. Qg3 Bh6 37. Qc7 b6 38. d4 cxd4 39. cxd4 Be3 40.
Qc3 Bf4 41. Qf3 Bc7 42. e5 Rf8 43. e6 Re8 44. Qc6 Re7 45. d5 Bb8 46. d6 Rg7 47.
e7 1-0

[Event "XXIX Miedzynarodowy Festiwal Szachowy CRACOVIA-2018 Grupa B"]
[Site "Krakow, Hotel Galaxy, ul. Gesia 22a"]
[Date "2019.01.04"]
[Round "9.6"]
[White "Adamczewski, Maciej"]
[Black "Bakalarz, Leszek"]
[Result "1-0"]
[BlackElo "1927"]
[WhiteElo "2080"]
[LiveChessVersion "1.4.8"]

1. d4 {[%clk 1:23:17]} Nf6 {[%clk 1:30:48]} 2. c4 {[%clk 1:23:43]} c5
{[%clk 1:31:13]} 3. d5 {[%clk 1:24:10]} e6 {[%clk 1:31:32]} 4. Nc3
{[%clk 1:24:34]} exd5 {[%clk 1:31:58]} 5. cxd5 {[%clk 1:25:00]} d6
{[%clk 1:32:20]} 6. h3 {[%clk 1:25:16]} g6 {[%clk 1:32:42]} 7. e4
{[%clk 1:23:29]} Bg7 {[%clk 1:33:09]} 8. Nf3 {[%clk 1:23:54]} O-O
{[%clk 1:33:14]} 9. Bd3 {[%clk 1:24:21]} b5 {[%clk 1:33:31]} 10. Nxb5
{[%clk 1:24:41]} Nxe4 {[%clk 1:32:43]} 11. Bxe4 {[%clk 1:25:00]} Re8
{[%clk 1:29:50]} 12. Ng5 {[%clk 1:24:17]} f5 {[%clk 0:08:55]} 13. Ne6
{[%clk 1:20:48]} Qa5+ {[%clk 0:09:15]} 14. Nc3 {[%clk 1:21:03]} Bxc3+
{[%clk 0:06:27]} 15. bxc3 {[%clk 1:21:23]} fxe4 {[%clk 0:06:45]} 16. O-O
{[%clk 1:19:53]} Na6 {[%clk 0:04:49]} 17. Re1 {[%clk 1:10:14]} Bxe6
{[%clk 0:05:06]} 18. dxe6 {[%clk 1:10:38]} Qxc3 {[%clk 0:03:39]} 19. Bf4
{[%clk 1:01:59]} Rxe6 {[%clk 0:04:04]} 20. Rc1 {[%clk 0:58:53]} Qf6
{[%clk 0:04:09]} 21. Rxe4 {[%clk 0:57:49]} Rae8 {[%clk 0:03:14]} 22. Qb3
{[%clk 0:56:48]} Qf5 {[%clk 0:03:01]} 23. Rxe6 {[%clk 0:50:11]} Qxe6
{[%clk 0:03:12]} 24. Qb7 {[%clk 0:49:00]} Nb4 {[%clk 0:03:07]} 25. Rd1
{[%clk 0:47:38]} d5 {[%clk 0:00:49]} 26. Qxa7 {[%clk 0:40:26]} c4
{[%clk 0:01:11]} 27. Bh6 {[%clk 0:40:24]} Qe7 {[%clk 0:01:29]} 28. Qd4
{[%clk 0:40:38]} Qe5 {[%clk 0:01:19]} 29. a3 {[%clk 0:32:22]} Nd3
{[%clk 0:01:43]} 30. Qa7 {[%clk 0:30:24]} g5 {[%clk 0:00:56]} 31. Rb1
{[%clk 0:26:55]} Qf6 32. Rb6 Re1+ 33. Rb1 Re8 34. Qd7 Qxf2+ 35. Kh2 Qf4+ 36. Kh1
Qe5 37. Rf1 Nf4 38. Bxg5 Ng6 1-0

[Event "XXIX Miedzynarodowy Festiwal Szachowy CRACOVIA-2018 Grupa B"]
[Site "Krakow, Hotel Galaxy, ul. Gesia 22a"]
[Date "2019.01.04"]
[Round "9.8"]
[White "Dzida, Kamil"]
[Black "Popescu, Florin"]
[Result "0-1"]
[BlackElo "2099"]
[WhiteElo "1951"]
[LiveChessVersion "1.4.8"]

1. e4 {[%clk 1:30:57]} e6 {[%clk 1:30:56]} 2. d4 {[%clk 1:31:08]} d5
{[%clk 1:31:23]} 3. Nc3 {[%clk 1:31:20]} Nf6 {[%clk 1:31:44]} 4. Bg5
{[%clk 1:31:40]} Be7 {[%clk 1:32:09]} 5. e5 {[%clk 1:31:29]} Nfd7
{[%clk 1:32:35]} 6. Bxe7 {[%clk 1:31:44]} Qxe7 {[%clk 1:32:57]} 7. f4
{[%clk 1:31:33]} a6 {[%clk 1:33:22]} 8. Nf3 {[%clk 1:31:48]} c5 {[%clk 1:33:44]}
9. Qd2 {[%clk 1:31:42]} Nc6 {[%clk 1:33:16]} 10. O-O-O {[%clk 1:31:26]} b5
{[%clk 1:33:12]} 11. dxc5 {[%clk 1:31:44]} Qxc5 {[%clk 1:33:27]} 12. Ne2
{[%clk 1:31:48]} Nb6 {[%clk 1:30:56]} 13. Ned4 {[%clk 1:29:10]} Nxd4
{[%clk 1:31:21]} 14. Nxd4 {[%clk 1:28:35]} Bd7 {[%clk 1:29:43]} 15. g4
{[%clk 1:20:40]} h5 {[%clk 1:16:47]} 16. f5 {[%clk 1:14:03]} hxg4
{[%clk 1:16:51]} 17. Qg5 {[%clk 1:13:38]} exf5 {[%clk 1:16:37]} 18. Qxg7
{[%clk 1:03:26]} Qf8 {[%clk 1:15:45]} 19. Qg5 {[%clk 0:58:01]} Qh6
{[%clk 1:15:49]} 20. Qxh6 {[%clk 0:58:01]} Rxh6 {[%clk 1:16:14]} 21. Ne2
{[%clk 0:56:39]} Re6 {[%clk 1:13:08]} 22. Nf4 {[%clk 0:54:48]} Rxe5
{[%clk 1:13:25]} 23. Bg2 {[%clk 0:55:10]} O-O-O {[%clk 1:11:55]} 24. b3
{[%clk 0:52:47]} Rh8 {[%clk 0:59:15]} 25. Kd2 {[%clk 0:36:52]} Kc7
{[%clk 0:56:34]} 26. h4 {[%clk 0:30:57]} Kd6 {[%clk 0:47:27]} 27. Kd3
{[%clk 0:27:17]} b4 {[%clk 0:38:57]} 28. h5 {[%clk 0:23:57]} Bb5+
{[%clk 0:38:01]} 29. Kd2 {[%clk 0:22:06]} Rh6 {[%clk 0:36:47]} 30. c3
{[%clk 0:08:10]} a5 {[%clk 0:31:02]} 31. Rde1 {[%clk 0:05:40]} Rh8
{[%clk 0:26:25]} 32. a4 {[%clk 0:00:36]} bxa3 {[%clk 0:24:31]} 33. Ra1
{[%clk 0:01:05]} a4 {[%clk 0:24:48]} 34. Rxa3 {[%clk 0:01:33]} axb3
{[%clk 0:25:08]} 35. Rxb3 {[%clk 0:01:41]} Nc4+ {[%clk 0:23:33]} 36. Kc1
{[%clk 0:01:38]} Bc6 {[%clk 0:23:04]} 37. Nd3 {[%clk 0:00:51]} Re2
{[%clk 0:21:38]} 38. Bf1 {[%clk 0:01:10]} Ra2 {[%clk 0:21:49]} 39. h6
{[%clk 0:01:13]} Ba4 {[%clk 0:21:24]} 40. Rb7 {[%clk 0:31:12]} Ra1+
{[%clk 0:47:29]} 41. Rb1 {[%clk 0:31:37]} Rxb1+ {[%clk 0:47:50]} 42. Kxb1
{[%clk 0:31:11]} Nd2+ {[%clk 0:48:16]} 43. Kc1 {[%clk 0:31:08]} Nxf1
{[%clk 0:48:42]} 44. Rxf1 {[%clk 0:31:34]} Bb5 {[%clk 0:49:06]} 45. Kd2
{[%clk 0:31:54]} Bxd3 {[%clk 0:48:40]} 46. Kxd3 {[%clk 0:32:19]} Rxh6
{[%clk 0:48:52]} 47. Rxf5 {[%clk 0:32:45]} Ke6 {[%clk 0:49:08]} 48. Rf2
{[%clk 0:32:39]} Rf6 {[%clk 0:49:23]} 49. Rg2 {[%clk 0:32:25]} Rf4
{[%clk 0:49:35]} 50. Ke3 {[%clk 0:32:33]} Re4+ {[%clk 0:49:58]} 51. Kd3
{[%clk 0:32:48]} f5 {[%clk 0:50:21]} 52. Rh2 {[%clk 0:33:09]} g3 {[%clk 0:50:34]}
53. Rh8 {[%clk 0:33:00]} g2 {[%clk 0:50:56]} 54. Kd4 Ke5+ 0-1

[Event "XXIX Miedzynarodowy Festiwal Szachowy CRACOVIA-2018 Grupa B"]
[Site "Krakow, Hotel Galaxy, ul. Gesia 22a"]
[Date "2019.01.04"]
[Round "9.9"]
[White "Kusnetsov, Igor"]
[Black "Jablonska, Sabina"]
[Result "1-0"]
[WhiteElo "2094"]
[BlackElo "1964"]
[PlyCount "95"]
[EventDate "2019.??.??"]

1. c4 c5 2. Nc3 Nc6 3. g3 g6 4. Bg2 Bg7 5. e4 d6 6. Nge2 e6 7. d3 Nge7 8. h4 h5
9. Be3 Nd4 10. Rb1 Nec6 11. a3 Rb8 12. b4 b6 13. O-O O-O 14. f4 Bd7 15. b5 Ne7
16. Kh2 f5 17. Bxd4 cxd4 18. Na2 Rc8 19. Nb4 fxe4 20. Bxe4 e5 21. Qd2 Be6 22.
fxe5 dxe5 23. Qg5 Bf5 24. Bxf5 Nxf5 25. Nd5 Qxg5 26. hxg5 Rfd8 27. Rbe1 Kf7 28.
g4 hxg4 29. Ng3 Rf8 30. Nxf5 gxf5 31. Rxf5+ Ke6 32. Rxf8 Rxf8 33. Kg3 Kf5 34.
Re4 Kxg5 35. Rxg4+ Kh6 36. Ne7 Rf1 37. Kg2 Rf7 38. Nc6 Rc7 39. Re4 a6 40. a4
axb5 41. axb5 Kg6 42. Nxe5+ Kf5 43. Nc6 Rd7 44. Re7 Rxe7 45. Nxe7+ Ke6 46. Nd5
Kd6 47. Nxb6 Kc5 48. Nd5 1-0

[Event "XXIX Miedzynarodowy Festiwal Szachowy CRACOVIA-2018 Grupa B"]
[Site "Krakow, Hotel Galaxy, ul. Gesia 22a"]
[Date "2019.01.04"]
[Round "9.10"]
[White "Fronczak, Sebastian"]
[Black "Andronescu, Madalin"]
[Result "1/2-1/2"]
[WhiteElo "1912"]
[BlackElo "2070"]
[PlyCount "55"]
[EventDate "2019.??.??"]

1. e4 c5 2. Nf3 d6 3. d4 cxd4 4. Nxd4 Nf6 5. Nc3 g6 6. Be3 Bg7 7. f3 O-O 8. Qd2
Nc6 9. O-O-O d5 10. Qe1 e5 11. Nxc6 bxc6 12. exd5 Nxd5 13. Bc5 Qg5+ 14. Kb1
Nxc3+ 15. Qxc3 e4 16. Bd4 Bxd4 17. Rxd4 exf3 18. gxf3 Be6 19. h4 Qe5 20. Bd3 c5
21. Rc4 Qxc3 22. Rxc3 Bd5 23. Rxc5 Bxf3 24. Rf1 Rae8 25. a4 Be2 26. Bxe2 Rxe2
27. Rf4 f5 28. b4 1/2-1/2

[Event "XXIX Miedzynarodowy Festiwal Szachowy CRACOVIA-2018 Grupa B"]
[Site "Krakow, Hotel Galaxy, ul. Gesia 22a"]
[Date "2019.01.04"]
[Round "9.12"]
[White "Kumor, Lukasz"]
[Black "Konyves, Almos"]
[Result "0-1"]
[WhiteElo "2040"]
[BlackElo "1963"]
[PlyCount "60"]
[EventDate "2019.??.??"]

1. e4 e5 2. Nf3 Nc6 3. Bb5 a6 4. Ba4 Nf6 5. O-O Be7 6. Re1 b5 7. Bb3 d6 8. c3
O-O 9. h3 Na5 10. Bc2 c5 11. d3 Nc6 12. Nbd2 Re8 13. Nf1 Bf8 14. Ng3 g6 15. Bg5
Bg7 16. d4 exd4 17. cxd4 Qc7 18. Rc1 Nd7 19. Be3 Bb7 20. Bb1 Rad8 21. Qe2 Qb6
22. d5 Nd4 23. Bxd4 cxd4 24. Qd2 Ne5 25. b3 Nxf3+ 26. gxf3 Bc8 27. Kg2 Bd7 28.
Ne2 Be5 29. Ng3 Rc8 30. Rxc8 Rxc8 0-1

[Event "XXIX Miedzynarodowy Festiwal Szachowy CRACOVIA-2018 Grupa B"]
[Site "Krakow, Hotel Galaxy, ul. Gesia 22a"]
[Date "2019.01.04"]
[Round "9.13"]
[White "Nikitin, Aleksander I"]
[Black "Grishchenko, Mihail"]
[Result "1-0"]
[WhiteElo "2031"]
[BlackElo "1936"]
[PlyCount "51"]
[EventDate "2019.??.??"]

1. b4 Nf6 2. Bb2 e6 3. a3 d5 4. e3 Bd7 5. Nf3 Bd6 6. c4 c6 7. Ne5 Bc8 8. d4
Nbd7 9. Nd2 Qc7 10. f4 dxc4 11. Bxc4 Nb6 12. Bd3 Nbd5 13. Qf3 a5 14. b5 c5 15.
O-O b6 16. e4 Ne7 17. Rac1 Bb7 18. Nec4 cxd4 19. Nxa5 Bc5 20. Nab3 Rd8 21. Nxc5
bxc5 22. Nb3 Qb6 23. Rxc5 Nd7 24. Rc2 e5 25. Qg3 Qd6 26. Qxg7 1-0

[Event "XXIX Miedzynarodowy Festiwal Szachowy CRACOVIA-2018 Grupa B"]
[Site "Krakow, Hotel Galaxy, ul. Gesia 22a"]
[Date "2019.01.04"]
[Round "9.15"]
[White "Hasterok, Mateusz"]
[Black "Warchol, Bartosz"]
[Result "0-1"]
[WhiteElo "1884"]
[BlackElo "1975"]
[PlyCount "72"]
[EventDate "2019.??.??"]

1. d4 d5 2. c4 c6 3. Nc3 Nf6 4. Nf3 e6 5. e3 Nbd7 6. Be2 Bd6 7. O-O O-O 8. b3
Qe7 9. Bb2 b6 10. Qc2 Bb7 11. Rad1 Rac8 12. e4 dxe4 13. Nxe4 Nxe4 14. Qxe4 Rfd8
15. Rfe1 Nf8 16. Qc2 Ng6 17. Nd2 Ba3 18. Ba1 Bb4 19. Bf3 Nh4 20. Be4 f5 21. g3
fxe4 22. gxh4 Qxh4 23. Re3 c5 24. Nxe4 cxd4 25. Rxd4 Rxd4 26. Bxd4 Rd8 27. Bc3
Qg4+ 28. Kf1 Rd1+ 29. Be1 Rxe1+ 30. Rxe1 Bxe1 31. Nd6 Bf3 32. Kxe1 Qg1+ 33. Kd2
Qg5+ 34. Kd3 Qe5 35. c5 bxc5 36. Qc1 Qxd6+ 0-1

[Event "XXIX Miedzynarodowy Festiwal Szachowy CRACOVIA-2018 Grupa B"]
[Site "Krakow, Hotel Galaxy, ul. Gesia 22a"]
[Date "2019.01.04"]
[Round "9.16"]
[White "Brylski, Pawel"]
[Black "Jedynak, January"]
[Result "1-0"]
[WhiteElo "1975"]
[BlackElo "1759"]
[PlyCount "57"]
[EventDate "2019.??.??"]

1. Nf3 Nf6 2. g3 d5 3. Bg2 e6 4. O-O Bd6 5. d3 Nbd7 6. Nbd2 b6 7. Re1 Bb7 8. e4
dxe4 9. Nxe4 Nxe4 10. dxe4 e5 11. Nh4 g6 12. Bh6 Bf8 13. Bxf8 Nxf8 14. Qe2 Qe7
15. Rad1 Nd7 16. Bh3 Nf6 17. Qe3 O-O 18. Qg5 h6 19. Qxh6 Nxe4 20. Nxg6 fxg6 21.
Rd7 Qxd7 22. Bxd7 Rf6 23. f3 Nc5 24. Rxe5 Raf8 25. Re7 R8f7 26. Re8+ Rf8 27.
Rxf8+ Rxf8 28. Qxg6+ Kh8 29. Bf5 1-0

[Event "XXIX Miedzynarodowy Festiwal Szachowy CRACOVIA-2018 Grupa B"]
[Site "Krakow, Hotel Galaxy, ul. Gesia 22a"]
[Date "2019.01.04"]
[Round "9.17"]
[White "Pasti, Anna"]
[Black "Hrymowicz, Artur"]
[Result "0-1"]
[WhiteElo "1832"]
[BlackElo "2024"]
[PlyCount "76"]
[EventDate "2019.??.??"]

1. e4 c5 2. c4 Nc6 3. Ne2 Nf6 4. Nbc3 e6 5. a3 d5 6. d3 Be7 7. Nf4 dxc4 8. dxc4
Qxd1+ 9. Kxd1 O-O 10. f3 Rd8+ 11. Bd3 g5 12. Nfd5 exd5 13. cxd5 Ne5 14. Bc2 Nh5
15. Ke2 Nf4+ 16. Bxf4 gxf4 17. g3 Ng6 18. Rag1 Bd6 19. gxf4 Bxf4 20. h4 h5 21.
Kf2 Be5 22. Ne2 Bxb2 23. e5 Bxe5 24. f4 Bg7 25. Rg5 Bf6 26. Rhg1 Bxg5 27. Rxg5
Kf8 28. f5 Ne5 29. Nf4 Ng4+ 30. Kf3 Nf6 31. Be4 Re8 32. Bc2 b5 33. Nxh5 Nxh5
34. Rxh5 Ke7 35. Be4 Kd7 36. Rh7 Rf8 37. h5 Bb7 38. Kg4 Kd6 0-1

[Event "XXIX Miedzynarodowy Festiwal Szachowy CRACOVIA-2018 Grupa B"]
[Site "Krakow, Hotel Galaxy, ul. Gesia 22a"]
[Date "2019.01.04"]
[Round "9.18"]
[White "Kepowicz, Artur"]
[Black "Pastuszko, Kinga"]
[Result "1/2-1/2"]
[WhiteElo "1869"]
[BlackElo "2029"]
[PlyCount "57"]
[EventDate "2019.??.??"]

1. Nf3 Nc6 2. d4 d5 3. g3 Bg4 4. Bg2 e6 5. O-O Bd6 6. Nbd2 Nf6 7. c3 O-O 8. Re1
e5 9. dxe5 Nxe5 10. Nxe5 Bxe5 11. Qb3 Rb8 12. e4 dxe4 13. Nxe4 Nxe4 14. Bxe4
Re8 15. Be3 b6 16. Bg2 a5 17. Qa4 Bd7 18. Qc2 Qf6 19. Be4 h5 20. Qd2 Bg4 21.
Bg5 Qd6 22. Qxd6 Bxd6 23. Bc6 Rxe1+ 24. Rxe1 f6 25. Be3 Rd8 26. f3 Bd7 27. Bxd7
Rxd7 28. Rd1 Re7 29. Kf2 1/2-1/2

[Event "XXIX Miedzynarodowy Festiwal Szachowy CRACOVIA-2018 Grupa B"]
[Site "Krakow, Hotel Galaxy, ul. Gesia 22a"]
[Date "2019.01.04"]
[Round "9.19"]
[White "Barchuk, Irina"]
[Black "Skurniak, Szymon"]
[Result "1-0"]
[WhiteElo "2023"]
[BlackElo "1895"]
[PlyCount "129"]
[EventDate "2019.??.??"]

1. e4 c5 2. Nf3 d6 3. d4 cxd4 4. Nxd4 Nf6 5. Nc3 Nc6 6. Be3 Ng4 7. Bb5 Nxe3 8.
fxe3 Bd7 9. Bxc6 bxc6 10. O-O e6 11. e5 Be7 12. exd6 Bxd6 13. Qh5 O-O 14. Ne4
Be7 15. Rad1 Qc7 16. Nb3 Rad8 17. Rf3 Be8 18. Rh3 Rxd1+ 19. Qxd1 f6 20. Nec5
Bf7 21. Qd3 g6 22. Qd4 Rd8 23. Qh4 h5 24. Rf3 Rd1+ 25. Rf1 Rxf1+ 26. Kxf1 Qe5
27. Qe4 Qxe4 28. Nxe4 f5 29. Nec5 e5 30. Nd7 Bxb3 31. axb3 Bd6 32. b4 Kf7 33.
Nc5 a5 34. Nb7 Bxb4 35. Nd8+ Ke7 36. Nxc6+ Kd6 37. Nxb4 axb4 38. h4 Kd5 39. Ke2
Kc4 40. Kd2 b3 41. Kd1 Kb4 42. Kc1 e4 43. Kd1 Kc4 44. Kd2 Kb4 45. g3 Kc4 46.
cxb3+ Kxb3 47. Kc1 Kb4 48. Kc2 Kc4 49. b3+ Kb4 50. Kb2 Kc5 51. Kc3 Kb5 52. b4
Kb6 53. Kc4 Kc6 54. b5+ Kb6 55. Kb4 Kc7 56. Kc5 Kb7 57. b6 Kb8 58. Kc6 Kc8 59.
b7+ Kb8 60. Kb6 f4 61. gxf4 g5 62. hxg5 h4 63. g6 h3 64. g7 h2 65. g8=Q# 1-0

[Event "XXIX Miedzynarodowy Festiwal Szachowy CRACOVIA-2018 Grupa B"]
[Site "Krakow, Hotel Galaxy, ul. Gesia 22a"]
[Date "2019.01.04"]
[Round "9.20"]
[White "Wiejaczka, Bartlomiej"]
[Black "Koziorowicz, Michal"]
[Result "0-1"]
[WhiteElo "2006"]
[BlackElo "1872"]
[PlyCount "52"]
[EventDate "2019.??.??"]

1. e4 c5 2. Nf3 d6 3. d4 cxd4 4. Nxd4 Nf6 5. Nc3 g6 6. Be3 Bg7 7. f3 O-O 8. Bc4
Nc6 9. Qd2 Bd7 10. O-O-O Rc8 11. Bb3 Ne5 12. h4 h5 13. Bg5 Rc5 14. Kb1 Re8 15.
g4 hxg4 16. h5 Nxh5 17. Nd5 a5 18. a3 a4 19. Ba2 gxf3 20. Rxh5 gxh5 21. Rh1 Nc4
22. Bxc4 Rxc4 23. Qh2 Bg4 24. Nf5 Rxe4 25. Nxg7 Kxg7 26. Rg1 Qa5 0-1

[Event "XXIX Miedzynarodowy Festiwal Szachowy CRACOVIA-2018 Grupa B"]
[Site "Krakow, Hotel Galaxy, ul. Gesia 22a"]
[Date "2019.01.04"]
[Round "9.21"]
[White "Niedbala, Bartlomiej"]
[Black "Zelak, Wladyslaw"]
[Result "1-0"]
[WhiteElo "1973"]
[BlackElo "1833"]
[PlyCount "75"]
[EventDate "2019.??.??"]

1. e4 c5 2. Nf3 d6 3. d4 cxd4 4. Nxd4 Nf6 5. Nc3 a6 6. Be2 e5 7. Nf3 Be7 8. Bg5
Nbd7 9. a4 Qc7 10. O-O b6 11. Nd2 Bb7 12. Bxf6 Nxf6 13. Bc4 O-O 14. Bb3 Rad8
15. Qf3 Bc6 16. Rfe1 Qb7 17. Nf1 b5 18. axb5 axb5 19. Rad1 b4 20. Nd5 Nxd5 21.
Bxd5 Bxd5 22. Rxd5 f5 23. Ng3 fxe4 24. Qb3 Kh8 25. Nxe4 Qb6 26. c4 Rf4 27. g3
Rf7 28. c5 Qa7 29. Red1 Rdf8 30. cxd6 Bd8 31. d7 Rf3 32. Qc2 h5 33. Rxe5 h4 34.
Rh5+ Kg8 35. Rd3 g6 36. Rxf3 Rxf3 37. Qd1 Rf7 38. Rd5 1-0

[Event "XXIX Miedzynarodowy Festiwal Szachowy CRACOVIA-2018 Grupa B"]
[Site "Krakow, Hotel Galaxy, ul. Gesia 22a"]
[Date "2019.01.04"]
[Round "9.22"]
[White "Zianowicz, Dominik"]
[Black "Krawczyk, Flawian"]
[Result "1-0"]
[WhiteElo "1969"]
[BlackElo "1641"]
[PlyCount "65"]
[EventDate "2019.??.??"]

1. d4 Nf6 2. c4 g6 3. Nc3 Bg7 4. Nf3 O-O 5. Bg5 d6 6. Qc2 c6 7. e3 Nbd7 8. Be2
h6 9. Bh4 e5 10. O-O g5 11. Bg3 Nh5 12. Rfd1 Nxg3 13. hxg3 Qe7 14. b4 f5 15.
Rab1 g4 16. Nh4 Qg5 17. dxe5 dxe5 18. Rd6 Rf6 19. Rbd1 Rxd6 20. Rxd6 Nf8 21. c5
Bf6 22. Qb3+ Kg7 23. b5 cxb5 24. Qxb5 Be7 25. Qe8 Bxd6 26. cxd6 Qf6 27. Bc4 Be6
28. Qxa8 Bxc4 29. Qxb7+ Kg8 30. Nd5 Bxd5 31. Qxd5+ Ne6 32. d7 Kf7 33. Nxf5 1-0

[Event "XXIX Miedzynarodowy Festiwal Szachowy CRACOVIA-2018 Grupa B"]
[Site "Krakow, Hotel Galaxy, ul. Gesia 22a"]
[Date "2019.01.04"]
[Round "9.23"]
[White "Shamatava, Nikolozi"]
[Black "Alothman, Abdul Wahab"]
[Result "1-0"]
[WhiteElo "1866"]
[BlackElo "1965"]
[PlyCount "43"]
[EventDate "2019.??.??"]

1. d4 d5 2. Nf3 Nf6 3. c4 c6 4. Qc2 e6 5. e3 Bd6 6. Bd3 Nbd7 7. O-O O-O 8. Nc3
Qe7 9. cxd5 exd5 10. a3 Re8 11. b3 Ne4 12. Bb2 h6 13. b4 Ng5 14. Nxg5 Qxg5 15.
e4 dxe4 16. Nxe4 Qd5 17. Rfe1 Bc7 18. Nc3 Rxe1+ 19. Rxe1 Qd6 20. Re8+ Nf8 21.
g3 b6 22. Bh7+ 1-0

[Event "XXIX Miedzynarodowy Festiwal Szachowy CRACOVIA-2018 Grupa B"]
[Site "Krakow, Hotel Galaxy, ul. Gesia 22a"]
[Date "2019.01.04"]
[Round "9.24"]
[White "Lada, Ireneusz"]
[Black "Planeta, Wojciech"]
[Result "1-0"]
[WhiteElo "1944"]
[BlackElo "1812"]
[PlyCount "99"]
[EventDate "2019.??.??"]

1. c4 c5 2. Nf3 Nc6 3. d4 cxd4 4. Nxd4 e5 5. Nb5 d6 6. N1c3 a6 7. Na3 f5 8. g3
Nf6 9. Bg2 Be6 10. Nd5 Be7 11. O-O O-O 12. Be3 Bxd5 13. cxd5 Nb8 14. Qb3 b5 15.
Nc2 Ng4 16. Bd2 Nd7 17. Nb4 Nc5 18. Qc2 Qe8 19. h3 Nf6 20. Nc6 Nfe4 21. Be3 Bg5
22. Bxg5 Nxg5 23. h4 Nge4 24. b4 Nd7 25. Bxe4 fxe4 26. Qxe4 Nf6 27. Qd3 e4 28.
Qd4 Qh5 29. e3 g5 30. Ne7+ Kf7 31. Nf5 Kg6 32. hxg5 Kxf5 33. gxf6 Rxf6 34. f3
exf3 35. Rxf3+ Qxf3 36. Rf1 Qxf1+ 37. Kxf1 Kg6+ 38. Ke2 Raf8 39. Qb6 Rf2+ 40.
Kd3 R8f6 41. Qxa6 h5 42. Qxb5 Rxa2 43. Qe8+ Kg5 44. Qd7 Ra3+ 45. Kd4 Rb3 46.
Qg7+ Rg6 47. Qe7+ Kh6 48. Qf8+ Kh7 49. Qf7+ Kh6 50. Kc4 1-0